| 000 | 00576nam a2200181Ia 4500 | ||
|---|---|---|---|
| 008 | 100921s9999 xx 000 0 und d | ||
| 082 |
_b42092 _a891.463 न 06 |
||
| 100 | _aसाने शुभदा. | ||
| 245 | _aआव्हान. | ||
| 260 |
_bश्रद्धा प्रकाशन,जळगांव. _c2006 |
||
| 300 |
_a128 _bजयेश एजन्सी,पुणे. |
||
| 365 | _b125 | ||
| 520 | _aललित-कथा. | ||
| 630 | _aआव्हान. | ||
| 650 | _aललित-कथा. | ||
| 730 | _aआव्हान. | ||
| 942 | _cBOOK | ||
| 999 |
_c791205 _d791202 |
||